00514nam a22001937a 450000500170000001000130001702000220003003500130005203700160006504000120008108200110009310000270010424500510013126000320018227000500021430000200026465000220028465000140030620170124110113.0 aA-456632 c60.00a8185513007 aA-456632 bCen Lib/Ret aDPLbEN aSbBAN aBandyopadhyay, Pranab  aTales from kalidas /cby Pranab Bandyopadhyay  bBook Club aCalcutta c1991 bCalcutta a3,middleton row, flat h-10e700071 a107p.c19cm(Hb) aIndic Literature  aStories